000 00398nam a2200169Ia 4500
005 20250423100747.0
008 250422s9999 xx 000 0 und d
020 _a978-975-278-387-4
050 _aBP 252 .N87 R36/
100 _aNursi, Said
245 0 _aRamadan, Frugalite, Gratitude
260 _aNew Jersey
260 _bEditions du Nil
260 _c2012
300 _a77 p
942 _cBK
999 _c34261
_d34261